| 000 | 00744cab a2200253 4500 | ||
|---|---|---|---|
| 001 | WB2817-55 | ||
| 008 | 090401t1992 xxu||||| |||| 00| 0 eng d | ||
| 035 | _a(Sirsi) u50599 | ||
| 041 | _aeng | ||
| 245 | _aBrussels set for crash | ||
| 260 | _c1992 | ||
| 350 | _a0 | ||
| 490 |
_aEuropean _v30 April 1992, 27(1) |
||
| 520 | _aOffice supply exceeds demand in the Belgian capital, a city noted for its stability, low rents and average returns, with the result that a property price crash in 1993 looks likely. | ||
| 650 | _aBELGIUM | ||
| 650 | _aBRUSSELS | ||
| 650 | _aFLOOR-SPACE | ||
| 650 | _aOFFICES | ||
| 650 | _aOVER-SUPPLY | ||
| 650 | _aSUPPLY AND DEMAND | ||
| 690 | _aOVERSEAS-EUROPE | ||
| 942 | _n0 | ||
| 948 | _c04/03/1997 | ||
| 999 |
_c31575 _d31575 |
||